Διαδικτυακή πολυμεσική εφαρμογή για το βιοκλιματικό σπίτι : διπλωματική εργασία [μεταπτυχιακή εργασία]
Saved in:
| Main Author: | |
|---|---|
| Corporate Author: | |
| Other Authors: | |
| Format: | Thesis Book |
| Language: | Greek |
| Published: |
2016.
|
| Subjects: | |
| Online Access: | http://hdl.handle.net/11610/22018 |
| Tags: |
Add Tag
No Tags, Be the first to tag this record!
|
MARC
| LEADER | 00000cam a2200000 a 4500 | ||
|---|---|---|---|
| 001 | 1/113201 | ||
| 008 | 170302s2016####gr | ||| |||| ||gre|| | ||
| 040 | |a GR-MyUa |b gre |c GR-MyUa |e AACR2 | ||
| 041 | 0 | |a gre | |
| 082 | 7 | |a 720.4 |2 (23) | |
| 100 | 1 | |a Κολοβού, Μαρία. | |
| 245 | 1 | 0 | |a Διαδικτυακή πολυμεσική εφαρμογή για το βιοκλιματικό σπίτι : |b διπλωματική εργασία [μεταπτυχιακή εργασία] / |c Κολοβού Μαρία ; επιβλέπουσα καθηγήτρια: Λιαράκου Γεωργία. |
| 260 | |c 2016. | ||
| 300 | |a 193 σ. : |b πίν., διαγρ., εικ. ; |c 30 εκ. | ||
| 500 | |a Μέλη εξεταστικής επιτροπής: Σκουμιός Μιχαήλ, Φωκίδης Εμμανουήλ. | ||
| 502 | |a Διατριβή (μεταπτυχιακή) – Πανεπιστήμιο Αιγαίου, Ρόδος, 2016. | ||
| 504 | |a Βιβλιογραφία: σ. 186-193. | ||
| 506 | 1 | |a Πλήρες κείμενο - Ενδοπανεπιστημιακή δημοσίευση - Κλειδωμένη η δυνατότητα αντιγραφής - Να δημοσιοποιηθεί μετά τις 01-09-2017. | |
| 650 | 0 | |a Buildings |x Environmental engineering. | |
| 650 | 0 | |a Architecture and energy conservation. | |
| 650 | 0 | |a Architecture and climate. | |
| 650 | 0 | |a Buildings |x Energy conservation. | |
| 650 | 0 | |a Research |x Methods. | |
| 650 | 0 | |a Multimedia systems. | |
| 650 | 0 | |a Education |x Research. | |
| 700 | 1 | |a Λιαράκου, Γεωργία, |e dgsf | |
| 710 | 2 | |a Πανεπιστήμιο Αιγαίου |b Σχολή Ανθρωπιστικών Επιστημών |b Παιδαγωγικό Τμήμα Δημοτικής Εκπαίδευσης |b Πρόγραμμα Μεταπτυχιακών Σπουδών Επιστήμες της Αγωγής - Εκπαίδευση με τη Χρήση Νέων Τεχνολογιών. | |
| 852 | |a INST |b RHODES |c DIATR |e 20170302 |h 720.4 ΚΟΛ |p 005400039169 |q 005400039169 |t MTXE |y 23 | ||
| 856 | |u http://hdl.handle.net/11610/22018 | ||
| 924 | |a Κολοβού |b Μαρία |y Ρόδος |z 2016-11 | ||
| 970 | |z 02-03-2017 | ||